000 00537nam a22001817a 4500
005 20150911112138.0
010 _aENG-113913
020 _c200.00
_a9789350450727
035 _aEN-97445
037 _bDBAD/PUB
_adpl
082 _a881
100 _aChattopadhyay, Gouranga P.
245 _aThe lonely journey begins /
_cby Gouranga P. Chattopadhyay
260 _aCalcutta
_bWriters Workshop
_c2014
270 _a162/92, Lake Gardens,
_bCalcutta
_e700045
300 _a118p.
_c22cm(Hb)
942 _2ddc
_cEN
_mCHA
_h881
999 _c96508
_d96508